| 000 | 01134nam a2200193Ii 4500 | ||
|---|---|---|---|
| 003 | JO-AjNU | ||
| 008 | 230605s9999||||xx |||||||||||||| ||und|| | ||
| 040 |
_aJO-AjNU _bara _erda _cJO-AjNU |
||
| 041 | _aara | ||
| 050 | 1 | 4 | _aKBP637.3.M868 2015 |
| 100 | 3 |
_aمنتدى قضايا الوقف الفقهية السابع، 2015 (دولة الكويت :الامانة العامة للأوقاف), _eauthor _950862 |
|
| 245 | 0 | 0 | _aمنتدى قضايا الوقف الفقهية السابع: قضايا مستجدة وتأصيل شرعي: الأبحاث العلمية في الموضوع الثالث للمنتدى: تأصيل ريع الوقف 9-11 شعبان 1436هجري/ 27-29 مايو 2015 سرايفو - البوسنه والهرسك الذي نظمتة الامانة العامة للأوقاف - دولة الكويت |
| 264 | 3 | 1 | _aالكويت: الأمانة العامة للوقاف، 2015 |
| 300 | _a110ص | ||
| 336 |
_atext _btxt _2rdacontent |
||
| 337 |
_aunmediated _bn _2rdamedia |
||
| 338 |
_avolume _bnc _2rdacarrier |
||
| 650 | 4 |
_aالوقف - منتديات - الكويت - البوسنة والهرسك _950863 |
|
| 999 |
_aA22431 _c25999 _d25999 |
||